[Event "Challenge"]
[Site "http://www.queenalice.com/game.php?id=1308194"]
[Date "2014.9.14"]
[Round "-"]
[White "Oliv"]
[Black "BIGJACK"]
[Result "0-1"]
[WhiteElo "1485"]
[BlackElo "1970"]

1. d4 d5 2. Nc3 Nf6 3. Qd3 e6 4. Bf4 Nc6 5. O-O-O Bb4 6. Nh3 Bxc3 7. Qxc3 a5 8.
e3 Ne4 9. Qb3 Rb8 10. f3 Nf6 11. Bb5 Bd7 12. Nf2 O-O 13. Bg5 b6 14. Ng4 h5 15.
Bxf6 gxf6 16. Nf2 Ne7 17. g4 h4 18. Rhg1 Bxb5 19. Qxb5 Ng6 20. g5 fxg5 21. Nh3
f6 22. Qd3 Qe8 23. f4 Kg7 24. Rde1 Qa4 25. a3 Qc4 26. Qd1 c5 27. Qh5 Rh8 28. Qg4
cxd4 29. Qxe6 d3 30. fxg5 Qxc2# 0-1

[Event "Challenge"]
[Site "http://www.queenalice.com/game.php?id=1324734"]
[Date "2014.11.27"]
[Round "-"]
[White "alexferreira"]
[Black "BIGJACK"]
[Result "1/2-1/2"]
[WhiteElo "2101"]
[BlackElo "1972"]

1. d4 d5 2. g3 Nf6 3. Bg2 e6 4. Nf3 c5 5. Bg5 h6 6. Bxf6 Qxf6 7. c3 Nc6 8. O-O
cxd4 9. Nxd4 Nxd4 10. Qxd4 Qxd4 11. cxd4 Be7 12. e3 b6 13. a3 Bb7 14. Nc3 O-O
15. Rac1 Rac8 16. b4 a6 17. Na4 Rc6 18. Rxc6 Bxc6 19. Nc3 b5 20. Rc1 Rc8 21. Ne2
Bb7 22. Rxc8+ Bxc8 23. Nf4 Bd6 24. Nd3 Kf8 25. Nc5 Ke7 26. Kf1 Bc7 27. Ke2 g5
28. f4 g4 29. h3 h5 30. hxg4 hxg4 31. Kd3 f5 32. Kc3 Kd6 1/2-1/2

[Event "Challenge"]
[Site "http://www.queenalice.com/game.php?id=1324752"]
[Date "2014.11.27"]
[Round "-"]
[White "BIGJACK"]
[Black "alexferreira"]
[Result "1/2-1/2"]
[WhiteElo "1977"]
[BlackElo "2070"]

1. e4 d5 2. exd5 Qxd5 3. Nc3 Qe6+ 4. Qe2 Qxe2+ 5. Bxe2 c6 6. d4 g6 7. Nf3 Bg7 8.
Bd2 Nf6 9. O-O Bg4 10. Rfe1 Bxf3 11. Bxf3 O-O 12. Be3 Nbd7 13. Ne4 Nxe4 14. Bxe4
Rad8 15. c3 Nb6 16. b3 e6 17. Rac1 Nd5 18. Bxd5 cxd5 19. Bf4 Rc8 20. Rc2 Bxd4
21. Be5 Bxe5 22. Rxe5 b5 23. f3 Rc7 24. Re1 Rfc8 25. Rec1 a5 26. Kf2 b4 27. c4
dxc4 28. bxc4 Kg7 29. Ke2 e5 30. c5 f6 31. c6 Kf7 32. Rc5 Ke6 33. Rxa5 Rxc6 34.
Rxc6+ Rxc6 35. Kd1 Rb6 36. Kc2 Kd6 37. Kb3 g5 38. g4 Kc6 39. Kc4 Kd6 40. Rd5+
Kc6 41. Rc5+ Kd6 42. Rd5+ Ke7 43. Rd3 Ra6 44. Rd2 Ra4 45. Kd3 Kd6 46. Kc4+ Kc7
47. Rb2 Ra3 48. Rf2 Ra4 49. Kb3 Ra6 50. Kxb4 Rb6+ 51. Kc3 Rc6+ 52. Kd3 Kd6 53.
Rd2 Ke6 54. a4 Ra6 55. Ra2 Kd5 56. Kc3 Kc5 57. a5 Kb5 58. Rb2+ Kxa5 59. Ra2+ Kb6
60. Rxa6+ Kxa6 61. Kc4 Kb6 62. Kd5 Kb5 63. Ke6 Kc5 64. Kxf6 Kd4 65. Kxg5 Ke3 66.
Kf5 Kxf3 67. Kxe5 Kxg4 68. Ke4 h5 69. h3+ Kxh3 70. Kf3 Kh2 71. Kf2 h4 72. Kf3 h3
73. Kf2 Kh1 74. Kf1 Kh2 75. Kf2 Kh1 76. Kf1 h2 77. Kf2 1/2-1/2

[Event "Challenge"]
[Site "http://www.queenalice.com/game.php?id=1407851"]
[Date "2016.2.6"]
[Round "-"]
[White "szachograjek"]
[Black "BIGJACK"]
[Result "1-0"]
[WhiteElo "2239"]
[BlackElo "1985"]

1. e4 e5 2. Nf3 Nc6 3. d4 exd4 4. Bc4 Nf6 5. e5 Qe7 6. O-O Ng4 7. h3 Ngxe5 8.
Nxe5 Nxe5 9. Re1 Qf6 10. Qxd4 Bd6 11. f4 O-O 12. fxe5 Qe7 13. Kh1 Bc5 14. Qg4 d6
15. Qg5 Qd7 16. e6 fxe6 17. Bxe6+ Qxe6 18. Rxe6 Rf1+ 19. Kh2 Bg1+ 20. Kg3 Bxe6
21. Qb5 Bf2+ 22. Kf3 Bc5+ 23. Qxf1 Rf8+ 24. Bf4 g5 25. Kg3 gxf4+ 26. Kh2 Bd4 27.
Nd2 Bxb2 28. Rb1 Be5 29. Nf3 b6 30. Nxe5 dxe5 31. Re1 Rf5 32. Qb5 c5 33. Qe8+
1-0

[Event "Challenge"]
[Site "http://www.queenalice.com/game.php?id=1446210"]
[Date "2016.10.18"]
[Round "-"]
[White "ORNELAS"]
[Black "BIGJACK"]
[Result "0-1"]
[WhiteElo "1576"]
[BlackElo "1979"]

1. b3 e5 2. Bb2 Nc6 3. e4 Nf6 4. d3 Bc5 5. Ba3 Bxa3 6. Nxa3 d5 7. Nf3 dxe4 8.
Ng5 Qd4 9. Nb5 Qb4+ 10. c3 Qxb5 11. dxe4 Qc5 12. Bc4 O-O 13. O-O h6 14. Bxf7+
Rxf7 15. Nxf7 Kxf7 16. Qf3 Bg4 17. Qd3 Rd8 18. Qc2 Be2 19. Qxe2 Qxc3 20. Rfc1
Qb4 21. Rc4 Qe7 22. Rd1 Nd4 23. Qf1 Nxe4 24. Rcc1 Nf6 25. Qc4+ Nd5 26. Rd3 b5
27. Qc5 Ne2+ 28. Kh1 Nxc1 29. Qxc1 Nf4 30. Rf3 Qg5 31. g3 Qg4 32. Qxc7+ Rd7 33.
Qxe5 Rd1+ 0-1

[Event "OS INCLIVEIS"]
[Site "http://www.queenalice.com/game.php?id=1455540"]
[Date "2016.12.19"]
[Round "-"]
[White "adelio"]
[Black "BIGJACK"]
[Result "0-1"]
[WhiteElo "1704"]
[BlackElo "1983"]

1. d4 d5 2. e4 c6 3. e5 Nh6 4. Bxh6 gxh6 5. Be2 Bf5 6. g4 Bg6 7. Nd2 e6 8. Ndf3
f6 9. Nh4 Bf7 10. Nh3 Nd7 11. Nf4 fxe5 12. Nfg2 e4 13. Qd2 Qb6 14. Ne3 Qxb2 15.
O-O Bb4 16. Qd1 b6 17. Nhf5 exf5 18. Nxf5 Bf8 19. Qd2 Be6 20. Nxh6 O-O-O 21.
Ba6+ Kc7 22. Rfb1 Qa3 23. Qe2 Bxh6 24. Rb3 Qd6 25. Rc3 Bxg4 26. Qb5 Bf3 27. Rb1
Rhg8+ 28. Kf1 Bd2 29. Rxc6+ Qxc6 30. Rb2 Qxb5+ 31. Bxb5 Rg2 32. c3 Rxh2 33. Kg1
Rh1# 0-1

[Event "OS INCLIVEIS"]
[Site "http://www.queenalice.com/game.php?id=1455541"]
[Date "2016.12.19"]
[Round "-"]
[White "BIGJACK"]
[Black "adelio"]
[Result "1-0"]
[WhiteElo "1988"]
[BlackElo "1650"]

1. e4 a6 2. Nf3 c5 3. d4 e6 4. Be3 Nc6 5. dxc5 d6 6. cxd6 Bxd6 7. Nc3 Be7 8.
Qxd8+ Bxd8 9. Bd3 Bf6 10. Na4 Nge7 11. Nb6 Rb8 12. c3 O-O 13. Bc5 Re8 14. Bd6
Ne5 15. Bxb8 Nxd3+ 16. Ke2 Nxb2 17. e5 Bxe5 18. Nxe5 Nd5 19. Nxc8 Nxc3+ 20. Kd2
Rxc8 21. Ba7 Ne4+ 22. Ke3 f5 23. Rhc1 Nc4+ 24. Rxc4 Rxc4 25. Nxc4 b5 26. Ne5 b4
27. Rd1 g6 28. Bd4 Nf6 29. Kf3 h5 30. Nxg6 Nd5 31. Nf4 Nxf4 32. Kxf4 Kf7 33. Bc5
a5 34. Rd7+ Ke8 35. Rh7 Kd8 36. Bb6+ Kc8 37. Bxa5 h4 38. Bxb4 Kd8 39. Bd6 Kc8
40. a4 Kd8 41. a5 Ke8 42. a6 Kd8 43. a7 Kc8 44. a8=Q# 1-0

[Event "Challenge"]
[Site "http://www.queenalice.com/game.php?id=1466593"]
[Date "2017.2.26"]
[Round "-"]
[White "BIGJACK"]
[Black "digger"]
[Result "1-0"]
[WhiteElo "1992"]
[BlackElo "1661"]

1. d4 d5 2. Nf3 Nf6 3. Bf4 Nc6 4. e3 Bg4 5. Be2 h5 6. h3 Bf5 7. Bd3 Ne4 8. Nbd2
Qd7 9. c4 Nxd2 10. Qxd2 Bxd3 11. Qxd3 O-O-O 12. c5 Nb4 13. Qd2 Qb5 14. a4 Qc4
15. Ne5 Qa6 16. Qxb4 Rh7 17. Nxf7 Re8 18. Qb5 Qxb5 19. axb5 Kb8 20. b6 a6 21.
Bxc7+ Kc8 22. Kd2 g6 23. Ng5 Rg7 24. Ne6 Rf7 25. Rhf1 Bh6 26. b4 Kd7 27. Nf4 Rf6
28. Nxd5 Rf5 29. Nc3 Ref8 30. Ke2 e6 31. f4 g5 32. g3 gxf4 33. gxf4 R5f6 34. Rf3
h4 35. d5 e5 36. Bxe5 R6f7 37. b5 axb5 38. Nxb5 Bg7 39. Bxg7 Rxg7 40. Ra7 Rb8
41. c6+ Kd8 42. c7+ Kc8 43. Nd6+ 1-0

[Event "Challenge"]
[Site "http://www.queenalice.com/game.php?id=1466594"]
[Date "2017.2.26"]
[Round "-"]
[White "digger"]
[Black "BIGJACK"]
[Result "0-1"]
[WhiteElo "1633"]
[BlackElo "1990"]

1. d4 d5 2. e3 Nf6 3. Bd3 Nc6 4. c3 e5 5. Bb5 e4 6. c4 Bd7 7. cxd5 Nxd5 8. Qb3
Ndb4 9. Bd2 Qg5 10. g3 Qxb5 11. a3 Nd3+ 12. Qxd3 Qxd3 13. Nc3 Bd6 14. O-O-O Na5
15. h3 Nb3# 0-1

[Event "Let's Play Chess!"]
[Site "http://www.queenalice.com/game.php?id=1471439"]
[Date "2017.4.3"]
[Round "-"]
[White "igorjava"]
[Black "BIGJACK"]
[Result "0-1"]
[WhiteElo "1915"]
[BlackElo "1995"]

1. e4 d5 2. exd5 Qxd5 3. Nc3 Qa5 4. d4 c6 5. Nf3 Nf6 6. Bd2 Bf5 7. a3 e6 8. b4
Qc7 9. Bc4 Bd6 10. h3 O-O 11. O-O Nbd7 12. Nh4 Nb6 13. Bb3 Nbd5 14. Ne2 Bg6 15.
Nxg6 hxg6 16. c4 Nf4 17. c5 Nxe2+ 18. Qxe2 Bh2+ 19. Kh1 Bf4 20. g3 Bxd2 21. Qxd2
Rad8 22. Qe3 Qd7 23. Rad1 e5 24. g4 exd4 25. Qd3 Rfe8 26. Rde1 Rxe1 27. Rxe1 Kf8
28. Kg2 Qc7 29. Rd1 Nd5 30. Qg3 Nf4+ 31. Kf3 g5 32. h4 Qe5 33. Rd2 Re8 34. Bc2
Qd5+ 0-1

[Event "Let's Play Chess!"]
[Site "http://www.queenalice.com/game.php?id=1471440"]
[Date "2017.4.3"]
[Round "-"]
[White "BIGJACK"]
[Black "igorjava"]
[Result "1-0"]
[WhiteElo "2010"]
[BlackElo "2033"]

1. d4 d5 2. Nf3 h6 3. Bf4 Nf6 4. e3 Bg4 5. Be2 e6 6. Ne5 Bxe2 7. Qxe2 a6 8. Nd2
Nbd7 9. c3 c5 10. O-O c4 11. Qf3 Be7 12. b3 b5 13. b4 Qb6 14. a4 O-O 15. a5 Qb7
16. Rae1 Rad8 17. Kh1 Kh7 18. Qe2 Ne8 19. Ndf3 Ndf6 20. Qc2+ Kg8 21. Nd2 Nd7 22.
Ndf3 f6 23. Ng6 Rf7 24. Nxe7+ Rxe7 25. e4 dxe4 26. Rxe4 f5 27. Re2 Nf8 28. Be5
Nd7 29. Rfe1 Qc6 30. Qd2 Nef6 31. h3 Ne4 32. Qc2 Ndf6 33. Nd2 Rde8 34. Nxe4 Nxe4
35. f3 Nd6 36. Bxd6 Qxd6 37. Re5 Kf7 38. Qf2 g5 39. f4 Rh8 40. d5 Rhe8 41. dxe6+
Rxe6 42. Rxf5+ Kg6 43. Rxe6+ Rxe6 44. fxg5 Qd1+ 45. Kh2 hxg5 46. Rf3 Qd6+ 47.
Rg3 Rf6 48. Qe3 Qd5 49. h4 Rf5 50. Rxg5+ Rxg5 51. Qxg5+ Qxg5 52. hxg5 Kxg5 53.
Kg3 Kf5 54. Kf3 Ke5 55. g4 Kf6 56. Kf4 Kg6 57. g5 Kg7 58. Kf5 Kf7 59. g6+ Kg7
60. Kg5 Kg8 61. Kf6 Kf8 62. g7+ Kg8 63. Ke6 Kxg7 64. Kd6 Kf6 65. Kc6 Ke5 66. Kb6
Ke4 67. Kxa6 Kd3 68. Kxb5 Kxc3 69. a6 Kb3 70. a7 c3 71. a8=Q Kb2 72. Qg2+ Kb1
73. Qf1+ Kb2 74. Qe2+ c2 75. Kc4 Kb1 76. Qd3 Kb2 77. Qb3+ Kc1 78. Kc3 1-0

[Event "Challenge"]
[Site "http://www.queenalice.com/game.php?id=1484681"]
[Date "2017.7.2"]
[Round "-"]
[White "Nahid"]
[Black "BIGJACK"]
[Result "1/2-1/2"]
[WhiteElo "2025"]
[BlackElo "2027"]

1. d4 d5 2. c4 Nf6 3. Nc3 c6 4. Nf3 dxc4 5. a4 Qa5 6. e3 Be6 7. Bd2 Qc7 8. Rc1
Nbd7 9. e4 Rd8 10. e5 Nd5 11. Ne4 Bf5 12. Nfg5 h6 13. Nxf7 Kxf7 14. Qf3 e6 15.
g4 Nxe5 16. dxe5 Qxe5 17. gxf5 exf5 18. Rxc4 Kg8 19. Bh3 fxe4 20. Rxe4 Qxb2 21.
Be6+ Kh7 22. Bf5+ Kg8 23. Be6+ Kh7 1/2-1/2

[Event "Challenge"]
[Site "http://www.queenalice.com/game.php?id=1484682"]
[Date "2017.7.2"]
[Round "-"]
[White "BIGJACK"]
[Black "Nahid"]
[Result "1-0"]
[WhiteElo "2027"]
[BlackElo "2021"]

1. e4 c5 2. Nf3 d6 3. c3 Qb6 4. Qc2 Bg4 5. Be2 Nf6 6. d3 Nc6 7. O-O e6 8. Na3 d5
9. h3 Bxf3 10. Bxf3 Ne5 11. Be2 Be7 12. Bf4 Ng6 13. Be3 O-O 14. f4 dxe4 15. dxe4
Qc6 16. Bd3 a6 17. c4 Rad8 18. Rad1 Rxd3 19. Rxd3 Nxe4 20. Nb1 Ng3 21. Rf2 Nf5
22. Nc3 b5 23. Qb3 b4 24. Ne2 a5 25. Qc2 a4 26. g3 Qe4 27. Bc1 Bf6 28. b3 a3 29.
Kh2 h5 30. Rd2 Qa8 31. Qd1 h4 32. g4 Ng3 33. Nxg3 hxg3+ 34. Kxg3 Bh4+ 35. Kh2
Bxf2 36. Rxf2 Rd8 37. Qe2 Rd4 38. Be3 Re4 39. Qf3 f5 40. Bxc5 Nh4 41. Qh1 Kf7
42. Qd1 Qc6 43. Qd6 Qxd6 44. Bxd6 Re3 45. Bxb4 Nf3+ 46. Kh1 Ne1 47. Bxe1 Rxe1+
48. Kg2 fxg4 49. hxg4 Re3 50. Rc2 e5 51. fxe5 Rxe5 52. Kf3 g5 53. c5 Ke7 54. Re2
Rxe2 55. Kxe2 Kd7 56. Kd3 Kc6 57. Kd4 Kc7 58. Kd5 Kd7 59. b4 1-0

[Event "Deep State Swamp"]
[Site "http://www.queenalice.com/game.php?id=1504772"]
[Date "2017.11.21"]
[Round "-"]
[White "BIGJACK"]
[Black "Wigmont"]
[Result "1-0"]
[WhiteElo "2043"]
[BlackElo "1569"]

1. d4 e6 2. Bf4 d5 3. Nf3 Qf6 4. Bxc7 Nc6 5. Be5 Qf5 6. e3 a6 7. Bd3 Qg4 8. h3
Qxg2 9. Rh2 Nxe5 10. Rxg2 Nxd3+ 11. Qxd3 Be7 12. Rxg7 h5 13. Rh7 Bf6 14. Rxh8
Bxh8 15. Qh7 Kd7 16. Qxh8 Ne7 17. Ne5+ Kc7 18. Qe8 Nf5 19. Qxf7+ Kb6 20. Qe8 Kc7
21. c4 b5 22. Qc6+ Kd8 23. Qxa8 Nd6 24. c5 Ke7 25. cxd6+ 1-0

[Event "Challenge"]
[Site "http://www.queenalice.com/game.php?id=1515480"]
[Date "2018.2.10"]
[Round "-"]
[White "Lapoule"]
[Black "BIGJACK"]
[Result "0-1"]
[WhiteElo "1943"]
[BlackElo "2045"]

1. e4 e5 2. Bc4 Nf6 3. Qf3 Be7 4. d3 Nc6 5. c3 O-O 6. Nh3 Na5 7. Bb5 a6 8. Ba4
b5 9. Bc2 d5 10. d4 dxe4 11. Bxe4 Nxe4 12. Qxe4 Bb7 13. Qg4 f5 14. Qg3 f4 15.
Qg4 Qd5 16. O-O Rf6 17. f3 Bc8 18. Qh5 Bxh3 19. Qxh3 exd4 20. cxd4 Qxd4+ 21. Kh1
Qd3 22. Nd2 Bb4 23. g4 Bxd2 24. Rd1 Nc4 25. b3 Qc2 26. Bxd2 Nxd2 27. Qg2 Rd8 28.
Qe2 Rfd6 29. Rac1 Qxa2 30. Rxc7 Qxb3 31. Re1 Qxf3+ 32. Qxf3 Nxf3 33. Ree7 Rg6
34. h3 h5 35. Re4 Rd2 0-1

[Event "Challenge"]
[Site "http://www.queenalice.com/game.php?id=1515481"]
[Date "2018.2.10"]
[Round "-"]
[White "BIGJACK"]
[Black "Lapoule"]
[Result "1-0"]
[WhiteElo "2057"]
[BlackElo "1931"]

1. d4 e6 2. Nf3 h6 3. c4 Bb4+ 4. Bd2 Qe7 5. Nc3 a6 6. e4 Bxc3 7. Bxc3 d5 8. cxd5
exd5 9. e5 Nc6 10. Bd3 Nb4 11. Qa4+ Nc6 12. O-O Qe6 13. Rfe1 Ne7 14. Qc2 g6 15.
h3 b5 16. Bd2 Bb7 17. a3 Kd7 18. Qc5 g5 19. Nh2 Nf5 20. Bc3 Nce7 21. Bxf5 Nxf5
22. Ba5 Bc6 23. Ng4 h5 24. Nf6+ Kc8 25. Rac1 Ne7 26. Bb4 Kd8 27. Qxe7+ Qxe7 28.
Bxe7+ Kxe7 29. Rxc6 Ra7 30. Nxd5+ Kd7 31. Rec1 Rc8 32. Nb6+ Kd8 33. Nxc8 Kxc8
34. d5 Kd8 35. b4 Kd7 36. e6+ fxe6 37. dxe6+ Ke7 38. Rxc7+ Rxc7 39. Rxc7+ Kxe6
40. Rc6+ Kd5 41. Rxa6 Kc4 42. Re6 Kb3 43. Re5 1-0

[Event "Challenge"]
[Site "http://www.queenalice.com/game.php?id=1518295"]
[Date "2018.3.4"]
[Round "-"]
[White "WLAO"]
[Black "BIGJACK"]
[Result "0-1"]
[WhiteElo "1610"]
[BlackElo "2068"]

1. b3 e5 2. e4 Nf6 3. d3 d5 4. Bg5 dxe4 5. Nd2 Bb4 6. a3 Bc3 7. Rb1 Bf5 8. Be2
h6 9. Bh4 g5 10. Bg3 Nc6 11. dxe4 Nxe4 12. Nf3 g4 13. O-O gxf3 14. gxf3 Nxd2 15.
Bb5 Nxb1 16. Qxd8+ Rxd8 17. Rxb1 Bxc2 18. Rc1 Rd1+ 19. Rxd1 Bxd1 20. Bxc6+ bxc6
21. Kg2 Bxb3 22. h4 Rg8 23. Kh3 Bd5 24. f4 f6 25. fxe5 fxe5 26. f4 exf4 27. Bxf4
Be6+ 28. Kh2 Kd7 29. Bxh6 Be5+ 30. Kh1 Bd5# 0-1

[Event "Let's Play Chess!"]
[Site "http://www.queenalice.com/game.php?id=1550661"]
[Date "2018.11.25"]
[Round "-"]
[White "BIGJACK"]
[Black "igorjava"]
[Result "1-0"]
[WhiteElo "2070"]
[BlackElo "1873"]

1. d4 d5 2. Nf3 e6 3. Bf4 Nf6 4. Nbd2 c5 5. c3 c4 6. e3 Bd6 7. Ne5 b5 8. Be2 Bb7
9. Qc2 Qc7 10. Bg3 O-O 11. f4 Ne8 12. O-O f6 13. Nef3 f5 14. Ng5 Bc8 15. Ngf3
1-0

[Event "Let's Play Chess!"]
[Site "http://www.queenalice.com/game.php?id=1550662"]
[Date "2018.11.25"]
[Round "-"]
[White "igorjava"]
[Black "BIGJACK"]
[Result "0-1"]
[WhiteElo "1865"]
[BlackElo "2078"]

1. e4 c6 2. d4 d5 3. e5 Bf5 4. c4 e6 5. c5 Nd7 6. Nc3 Ne7 7. Nge2 h6 8. Ng3 Bh7
9. Bd3 Bxd3 10. Qxd3 Qc7 11. b4 b6 12. Bd2 Ng6 13. O-O Be7 14. f4 O-O 15. f5
Ndxe5 0-1